000 00635nam a2200181Ia 4500
008 090630s9999 xx 000 0 und d
082 _b25231
100 _aकंटक मीरा.
245 _aकावळयाला लागली तहान.
_cकंटक मीरा.
260 _bज्योत्सना.
_c2004
300 _a24
600 _aकंटक मीरा.
630 _aकावळयाला लागली तहान.
655 _aबालवाङमय.
700 _aकंटक मीरा.
730 _aकावळयाला लागली तहान.
942 _cBOOK
999 _c277087
_d277087